000 00458nam a2200193Ia 4500
005 20230329114920.0
008 131103s9999 xx 000 0 und d
020 _a0 413 30580 5
040 _aLoreto College
041 _aEnglish
082 _a822.91
_bBRE
100 _aBrenton, Howard
245 _aMagnificence
_cHoward Brenton
260 _aLondon
_bMethuen
_c1973
300 _a71p.
650 _aEnglish drama
850 _aLCLIB
942 _cBK
999 _c21934
_d72413